00213nam a2200085Ia 450000100070000000500170000700800410002424500370006526000250010268004220250826161334.0250824s9999 xx 000 0 und d 0aUĞULTULU TEPELERcEMILY BRONTE bKARATAY GENÇLİK